000 01180 a2200181 4500
003 Nust
005 20230718133640.0
040 _cNust
082 _a621.31,HUT
100 _aHutchinson, Robert W.
_939894
245 _aElementary technical electricity /
_cRobert W. Hutchinson
260 _aTutorial press,
_bLondon,
_c1938.
300 _a406 p.
505 _aIntroduction How our Knowledge of Electricity Began with A Glance at Some Old and New Ideas (Page-1), General Principles of Magnetism (Page-17), Magnetic Theory and Units (Page-45), Magnetic Measurements Simple Laboratory and Technical (Page-67), The Earth Magnetism (Page-83), General Effects of an Electric Current (Page-134), Simple Theory in Current Electricity (Page-159), The Chemical Effects of Currents Industrial Applications and Accumulators (Page-201), Electrical Testing (Page-249), Induced Electro-Motive Forces and Currents (Page-268), Direct Current Generators (Page-287), Direct Current Motors (Page-305), Some Modern Developments in Radio and Electronics (Page-354).
600 _aRobert W Hutchinson
_9113710
650 _aElementary technical electricity
_9103914
942 _2ddc
_cBK
_k621.31,HUT
999 _c180417
_d180417